000
00306nam a22001457a 4500
003
SGT
082
_a
617.4
_b
B15M
100
_a
MISHRA, BRAHASANKAR
245
_a
BHAVAPRAKASH
260
_a
DELHI
_b
CHAUKHAMBHA
_c
2015
300
_a
836
650
_a
AYURVEDA
653
_a
BHAVA PRAKASH
942
_2
ddc
_c
BK
_0
1
999
_c
8252
_d
8252